|
|
|
|
| LEADER |
01261nam a2200289 a 4500 |
| 001 |
16093393 |
| 008 |
111031s2010 nyu b 001 0 eng |
| 010 |
|
|
|a 2010922745
|
| 020 |
|
|
|a 9781586488239 (alk. paper)
|
| 040 |
|
|
|a DLC
|c DLC
|d DLC
|d BD-DhAAL
|
| 042 |
|
|
|a pcc
|
| 082 |
0 |
0 |
|a 327.1/72
|2 22
|
| 100 |
1 |
|
|a Beebe, Shannon D.
|
| 245 |
1 |
4 |
|a The ultimate weapon is no weapon :
|b human security and the new rules of war and peace /
|c Shannon D. Beebe, Mary Kaldor.
|
| 260 |
|
|
|a New York, NY :
|b Public Affairs,
|c 2010.
|
| 300 |
|
|
|a vii, 238 p. ;
|c 24 cm.
|
| 504 |
|
|
|a Includes bibliographical references and index.
|
| 541 |
|
|
|e 00023775
|
| 650 |
|
0 |
|a Security, International.
|
| 650 |
|
0 |
|a Peace.
|
| 650 |
|
0 |
|a Peace-building.
|
| 650 |
|
0 |
|a Political activists.
|
| 700 |
1 |
|
|a Kaldor, Mary.
|
| 852 |
1 |
|
|a Ayesha Abed Library
|c General shelf.
|
| 999 |
|
|
|c 11365
|d 11365
|
| 952 |
|
|
|0 0
|1 0
|2 ddc
|4 0
|6 327_172000000000000_BEE
|7 0
|9 18476
|a BRACUL
|b BRACUL
|c GEN
|d 2011-10-26
|e karim International
|g 2080.00
|l 3
|m 6
|o 327.172 BEE
|p 3010023775
|r 2018-06-27
|s 2018-05-29
|t 1
|w 2011-11-01
|y BK
|
| 952 |
|
|
|0 0
|1 0
|2 ddc
|4 0
|6 327_172000000000000_BEE
|7 0
|9 18477
|a BRACUL
|b BRACUL
|c GEN
|d 2011-10-26
|e karim International
|g 2080.00
|l 7
|m 13
|o 327.172 BEE
|p 3010023776
|r 2019-03-24
|s 2019-03-19
|t 2
|w 2011-11-01
|y BK
|